Illustrated library of arts and crafts. (Запис № 510452)

МАРК-запис
000 -LEADER
fixed length control field 01415pam a2200337 i 4500
001 - CONTROL NUMBER
control field illustratedlibra00newy
003 - CONTROL NUMBER IDENTIFIER
control field CaSfIA
005 - DATE AND TIME OF LATEST TRANSACTION
control field 20210118102248.0
007 - PHYSICAL DESCRIPTION FIXED FIELD--GENERAL INFORMATION
fixed length control field cr||||
008 - FIXED-LENGTH DATA ELEMENTS--GENERAL INFORMATION
fixed length control field 740924s1974 nyua b 000 0 eng
010 ## - LIBRARY OF CONGRESS CONTROL NUMBER
LC control number 74022068
040 ## - CATALOGING SOURCE
Original cataloging agency DLC
Transcribing agency DLC
Modifying agency CaSfIA
020 ## - INTERNATIONAL STANDARD BOOK NUMBER
International Standard Book Number 0871970767
020 ## - INTERNATIONAL STANDARD BOOK NUMBER
International Standard Book Number 9780871970763
035 ## - SYSTEM CONTROL NUMBER
System control number (OCoLC)1055659
050 0# - LIBRARY OF CONGRESS CALL NUMBER
Classification number TT157
Item number .I43
082 ## - DEWEY DECIMAL CLASSIFICATION NUMBER
Classification number 745.5
029 1# - (OCLC)
OCLC library identifier AU@
System control number 000000451371
245 00 - TITLE STATEMENT
Title Illustrated library of arts and crafts.
Medium [electronic resource]
260 ## - PUBLICATION, DISTRIBUTION, ETC. (IMPRINT)
Place of publication, distribution, etc New York :
Name of publisher, distributor, etc Fuller & Dees,
Date of publication, distribution, etc c1974.
300 ## - PHYSICAL DESCRIPTION
Extent 4v. (832 p.) :
Other physical details ill. (some col.) ;
Dimensions 29 cm.
500 ## - GENERAL NOTE
General note Cover title: LeeWards illustrated library of arts and crafts.
504 ## - BIBLIOGRAPHY, ETC. NOTE
Bibliography, etc Includes bibliographies.
506 ## - RESTRICTIONS ON ACCESS NOTE
Standardized terminology for access restriction Необхідна авторизація на https://archive.org/ (створення облікового запису безкоштовно)
506 ## - RESTRICTIONS ON ACCESS NOTE
Standardized terminology for access restriction Необхідна авторизація на https://openlibrary.org/ (створення облікового запису безкоштовно)
650 #0 - SUBJECT ADDED ENTRY--TOPICAL TERM
Topical term or geographic name as entry element Handicraft.
740 01 - ADDED ENTRY--UNCONTROLLED RELATED/ANALYTICAL TITLE
Uncontrolled related/analytical title LeeWards illustrated library of arts and crafts.
856 41 - ELECTRONIC LOCATION AND ACCESS
Uniform Resource Identifier <a href="http://www.archive.org/details/illustratedlibra00newy">http://www.archive.org/details/illustratedlibra00newy</a>
Public note Free eBook from the Internet Archive
856 42 - ELECTRONIC LOCATION AND ACCESS
Uniform Resource Identifier <a href="http://www.openlibrary.org/books/OL5058560M">http://www.openlibrary.org/books/OL5058560M</a>
Public note Additional information and access via Open Library
942 ## - ADDED ENTRY ELEMENTS (KOHA)
Koha item type ЕКнига

Немає доступних примірників.